[Event "Seattle Chess Classic"]
[Site "Chess.com"]
[Date "2020.08.16"]
[Round "9"]
[White "Whale, Nicholas"]
[Black "Lenderman, Aleksandr"]
[Result "0-1"]
[WhiteElo "2065"]
[BlackElo "2717"]
[Annotator "Aleksandr Lenderman"]
[PlyCount "80"]
[EventDate "2020.??.??"]
[TimeControl "6000+30"]

{[%evp 0,80,19,29,18,2,2,-10,34,17,14,23,19,10,12,9,16,11,23,22,13,16,30,4,1,
-1,-10,-10,4,-13,-12,-23,-8,-1,-11,-16,-14,-11,-5,-5,-11,-11,-11,-4,-3,-9,26,
-10,-20,-13,-16,-16,-10,-20,-12,-26,-7,-7,-7,-35,-11,-4,-13,-99,-71,-112,-49,
-160,-206,-737,-806,-853,-888,-896,-916,-922,-928,-936,-951,-962,-887,-894,
-911] In the last round, I am playing against expert, Nicholas Whale, a local
Washington State player. This game like all my black games in this tournament
was also quite a struggle.} 1. Nf3 Nf6 2. c4 e6 3. Nc3 b6 {Inviting
complications after 4)e4.} 4. g3 (4. e4 Bb7) (4. d4 Bb7 5. e3 {Is what I
expected from my opponent since I thought he likes systems with e3.} d5 {
Here I was just going to go for this kind of a fight.}) 4... Bb7 5. Bg2 Be7 (
5... Bb4 6. O-O O-O 7. Qc2) 6. O-O O-O 7. d4 Ne4 {This is comfortable equality
for black I thought but how to win this, is another question.} 8. Qc2 (8. Bd2 {
This is the main line here.}) 8... Nxc3 9. Qxc3 Be4 (9... c5 {This might be
better but again, how to create winning chances?}) 10. Rd1 Bf6 11. Qe3 (11. Ne5
{This gives white some chances for an advantage.} Bxg2 12. Kxg2 c5 (12... d6
13. Qf3) 13. dxc5) 11... d5 12. Ne5 Bxg2 13. Kxg2 dxc4 14. Qf3 Qd5 15. Nxc4 {
Now here comes a very important critical moment.} Nc6 (15... Qxc4 {I was
trying hard to make this work but just couldn't.} 16. Qxa8 Nc6 17. Qb7 {
And here I calculated many lines but I just couldn't find something I really
liked.}) (15... Rd8 {I also looked at this but after Bf4 it seemed too drawish
to me.} 16. Bf4 $1) (15... Qxf3+ 16. Kxf3 Nc6 {I also considered this but
after e3 I didn't see how I can do much.} 17. e3) 16. Qxd5 exd5 17. Ne5 {
I didn't even see this, I only looked at Ne3.} Nxe5 18. dxe5 Bxe5 19. Rxd5 Rfe8
20. Rb1 Rad8 21. Rxd8 Rxd8 22. Be3 {This position is just equal but I was
hoping with my 3 on 2 majority on the queenside and control of the open file,
I might generate some winning chances.} f5 {I wanted to at least take away the
e4 square from the king.} (22... c5 23. f4 Bf6 24. Kf3) 23. b3 (23. b4 {
I was more concerned over this move.}) 23... c5 24. Rc1 Kf7 25. Kf3 Ke6 26. Rc2
a5 27. Rc4 (27. Rd2 $6 Rxd2 28. Bxd2 Kd5 {Here I thought I might have good
winning chances because my king gets to the center first and I can play c4
next move and create a passed pawn.}) 27... h5 (27... Rd1 {This right away
might've been better.} 28. h3 Rh1 29. Kg2 Rb1) 28. Bg5 Rd1 29. e4 {A strong
move.} Rh1 (29... Bd4 30. Be3 fxe4+ 31. Kxe4 b5 32. Rc2 {I was just not sure
about this position but I think this was the best winning try.} Re1 $15) 30.
exf5+ Kxf5 31. Bd8 {I didn't even see this move! Just total blindness. I was
lucky that I'm not actually worse here.} Rxh2 32. Bxb6 Bd4 33. Rc2 (33. g4+
hxg4+ 34. Kg3 Be5+ 35. f4 Rh3+ 36. Kg2 Bxf4 37. Rxc5+ Ke6 38. Rxa5 Rh2+ 39. Kg1
Rb2 40. Bd4 {Gave white good drawing chances but of course the line was
complicated.}) 33... g5 {I was lucky I had all this since I didn't foresee
this at all.} 34. Bxa5 $2 {This loses.} (34. Rxc5+ {I was very surprised he
didn't go for this since I didn't actually see how I'm winning here.} Bxc5 35.
Bxc5 Rh1 $2 {One of these rare occasions when the the engine is flat out wrong.
The engine screams for Rh1 and gives -3 for black but in fact I think it's
just a fortress.} (35... g4+ {My intension was to play this to not allow the
king to get to g2.} 36. Ke3 Rh1 37. Bb6 (37. Bd4 Re1+ 38. Kd2 Rf1 39. Bb6 Ke4 {
I might not be winning but I thought my winning chances are good here.}) 37...
Ra1 38. Bxa5 Rxa2 {And here I was hoping that I'm winning.}) 36. Bb6 Ra1 37.
Bxa5 Rxa2 38. b4 Rb2 39. Kg2 {I don't think this is winnable.} g4 (39... h4 40.
gxh4 gxh4 41. Kh3) (39... Kg4 40. Bc7 Rxb4 41. Be5 h4 42. gxh4 gxh4 43. Bd6 h3+
44. Kh2 Rb2 45. Bc5 $11) 40. Bb6 Rxb4 41. Bc5 $11) 34... g4+ 35. Ke2 Rxf2+ 36.
Kd1 Rxc2 37. Kxc2 h4 {My guess is that my opponent only calculated Ke4 and
bishop moves, but missed h4.} 38. gxh4 g3 39. Bc7 Be5 40. Bb6 Bd6 {AlexanderL
won by resignation. My pawn queens. I was very happy to finish the last day
with two wins. However, both of these games were quite tough. I never felt
like I had that much control of the result until the very end.} 0-1

[Event "Seattle Chess Classic"]
[Site "?"]
[Date "2020.08.20"]
[Round "1"]
[White "Raptis, Nick"]
[Black "Vemparala, Nikash"]
[Result "0-1"]
[WhiteElo "2393"]
[BlackElo "1684"]
[Annotator "Nikash Vemparala"]
[PlyCount "58"]
[EventDate "2020.??.??"]

{[%evp 0,58,28,29,12,15,15,-2,28,20,20,26,44,28,42,-42,50,18,54,26,51,41,46,22,
20,-7,3,3,15,22,5,0,0,0,63,24,24,3,16,-140,-11,-11,-29,-95,-95,-95,-197,-214,
-112,-562,-371,-505,-473,-634,-525,-29995,-29996,-29997,-29998,-29999,-30000]} 
1. d4 d5 2. Nc3 {this is the chigorin variation!!!!! i did not really know
what to play here, so i went with my normal opening against d4 i saw later
that this is the chigorin.} Nf6 3. Bg5 {this is the richter veresov attack!!!!
again i had no clue what to do here.after bg5 i was considering a couple of
moves like g6 and e6 but i think that g6 was best..} g6 4. Nf3 {i think nf3 is
a mistake.i think the best move is bxf6. here is a variation for bxf6} (4. Bxf6
exf6 5. e3 (5. Nf3 Bg7 6. g3 O-O 7. Bg2 Be6) 5... Bg7 6. Nf3 O-O) 4... Bg7 5.
e3 c6 6. Be2 $5 {i am not sure why he played be2. i think that bd3 is better
as it has a better diagonal there and is more active. but i think he played
be2 to defend against bg4.} (6. Bd3 Nbd7 7. O-O O-O) 6... Nbd7 7. Qd2 Qc7 $4 {
this was a big mistake on my part. i realized during the game he was going to
castle long and i wanted to prepare c5 and a possible e5.i missed bf4 here
which was a costly mistake.} 8. Bf4 Qd8 9. h4 h5 $3 {h5 is a good move here as
it stops h5 ideas and blocks off g4 for the moment.but ne5 could have been
interesting} 10. O-O-O (10. Ne5 Nxe5 11. Bxe5 O-O 12. f3 Bd7 13. O-O-O b5)
10... a5 {here b5 was better.i played a5 first because i had the idea of a4
and a3.} (10... b5 11. Rdg1 Qa5 12. a3) 11. Ng5 $6 {i was not sure why he
played ng5. during the game i felt like if he was going to move the knight he
should have moved it to the outpost on e5.} (11. Ne5 Nxe5 12. Bxe5 O-O) 11...
b5 {during the game i was a bit scared to play b5 because i felt like some
bxb5 sacs were possible.but when i analyzed i found out it was not a threat.so
i played b5 to attack on the queenside.} 12. Bf3 {here i think he played bf3
to get ready to play e4.during the game i was thinking about how to prevent e4
and i found an idea.} (12. Bxb5 cxb5 13. Nxb5 O-O 14. Nc7 (14. Bc7 Qe8) 14...
Ra7) 12... b4 $3 (12... Nb6 13. e4 Nc4 14. Qe2 e6 15. e5 Nd7 16. g3 (16. g4 {
and here white is better})) 13. Na4 Nb6 $1 {the idea of b4 and nb6 to get to
the c4 square i thought was very nice.} 14. Nc5 $5 Nc4 15. Qe1 $5 {during the
game i was not quite sure why he played qe1. i think qe2 would have been better
} (15. Qe2 Bf5) 15... O-O 16. e4 {here he played e4. during the game i was not
quite sure what to do here but i thought that e6 was best} e6 (16... dxe4 17.
Ngxe4 Nd5) 17. e5 Nd7 18. Nxd7 Bxd7 19. g4 {in this postion i thought i was
toast.durng the game i thought to myself how do i stop his attack? after
thinking for about 10 minutes i realized i could not stop his attack.then i
realized it. if u cant defend the attack, then you have to attack yourself} Qb6
{here i started my attack. my thought process here was to protect the b4 pawn
so i coul;d play a4.} (19... hxg4 20. Bxg4 f6 21. exf6 Qxf6 22. Nxe6 Bxe6 23.
Bxe6+ Kh8 24. h5) 20. gxh5 {here i had to continue my attack. so i continued
it with a4} a4 21. h6 {here in this position during the game i realized it was
do or die.i had to go for the attack no matter what the cause!!!! so i
continued the attack.} b3 22. cxb3 axb3 23. a3 {here i was calculating lots of
sacs on a3 here but i did not think it would work. little did i know that rxa3
was winning!!!!!!} Bxh6 (23... Rxa3 24. bxa3 b2+ 25. Kc2 Nxa3+ 26. Kd2 Qb4+ (
26... Qxd4+ 27. Ke2 Qxf4 {this works because if hxg7 then qxe5} (27... Qc4+ 28.
Rd3 Qc2+ 29. Rd2) 28. hxg7 Qxe5+) 27. Ke2 Qc4+ 28. Rd3 {here there is no
attack. that is why you have to play qxd4 instead of qb4}) 24. h5 {after h5 i
thought there was a checkmate after nxa3. so i went for it} Nxa3 25. bxa3 b2+
26. Kd2 {i think kc2 is better here} (26. Kc2 Rxa3 27. Rd3) 26... Rxa3 27. hxg6
Qb4+ 28. Ke2 Qb5+ 29. Kd2 Qd3# {after hxg6 it is just game over. wb4 leads to
checkmate.0-1} 0-1

[Event "Seattle Chess Classic"]
[Site "Chess.com"]
[Date "2020.08.15"]
[Round "6"]
[White "Talukdar, Rohan"]
[Black "Shahinyan, David"]
[Result "1-0"]
[WhiteElo "2402"]
[BlackElo "2502"]
[Annotator "Rohan Talukdar"]
[PlyCount "89"]
[EventDate "2020.??.??"]

{[%evp 0,89,40,10,86,60,75,75,87,28,40,14,68,51,51,30,50,46,31,26,22,26,14,29,
35,4,23,13,52,-30,37,32,34,22,22,2,0,-18,-37,-34,25,14,22,8,-11,6,43,63,151,
131,139,72,209,217,189,181,197,179,183,185,198,197,236,210,372,371,361,357,362,
362,375,383,375,356,359,365,366,378,371,403,389,398,436,406,506,471,538,539,
522,621,834,915] A very tactical and interesting game which includes
mysterious rook moves, a queen sacrifice, and a lot of hidden tactical
resources} 1. e4 d6 2. d4 Nf6 3. Nc3 e5 4. Nge2 {A safe setup which aims to
fianchetto my bishop} (4. Nf3 {is what I played last time against my opponent
and did not achieve much in the opening} Nbd7 5. Bc4 Be7 6. O-O O-O 7. Re1 c6
8. a4 exd4 9. Nxd4 Ne5 10. Ba2 Re8) 4... c6 $1 {This move deserves an
exclamation mark because it masks black's idea of g6 and waits for white to
make the commital g3} (4... g6 {right away allows me to develop a nasty
attacking game} 5. f3 {this is a typical setup for attacking play} Nc6 6. Be3
Bg7 7. Qd2 O-O 8. O-O-O exd4 9. Nxd4 Nxd4 10. Bxd4 Be6 11. g4 {with an
attacking game for white}) 5. g3 (5. f3 {is now met with} Be7 {and now white's
attack will be much weaker than if the bishop was on g7}) 5... g6 {This move
order does not allow me to play the typical f3 stuff. Now I have to continue
with my fianchettoed setup and black's bishop is better placed on g7 than e7.}
6. a4 {just stopping any potential b5 ideas which could happen at any time} (6.
Bg2 {would probably transpose to the game}) 6... Bg7 7. Bg2 O-O 8. O-O Qc7 {
a rare move but a solid one} (8... a5 {is the main line with the idea of
playing Na6 Nb4} 9. h3 Na6 10. Be3 Nb4 11. Qd2 Be6 12. Rad1 Bc4 13. Rfe1 Qc7
14. b3 Ba6 15. g4 {with complex play}) 9. h3 b6 $5 10. Be3 Ba6 {this is a good
diagonal for the light squared bishop to be on} (10... a6 {with the idea of
Bb7 then b5 is probably too slow as white has} 11. f4 Bb7 12. g4 b5 13. axb5
axb5 14. Rxa8 Bxa8 15. g5 $14) 11. Re1 Nbd7 12. g4 Rfe8 (12... h5 $6 {is not
so good here because white has} 13. g5 Ne8 14. d5 $1 c5 15. Ng3 Qd8 16. Nf5 $1
$40) 13. Ng3 Nf8 $6 {[%cal Gf8e6,Ge6d4,Ge6f4] black's idea of Ne6 Nd4 is slow
and should be stopped} (13... exd4 {was probably the best here} 14. Bxd4 h6 15.
Qd2 Rad8 16. Rad1 Nf8 17. Be3 Kh7 18. f4 {with a preferable position for white}
) 14. Qd2 $6 {this is a positional mistake because this allows my opponent to
get a decent position with Ne6} (14. d5 $1 {was the correct move because it
stops black's knight maneuver and attacks c6.} Bb7 (14... c5 15. g5 N6d7 16. h4
f6 17. Bh3 {is very unpleasant for black}) 15. g5 N6d7 16. h4 {Black's problem
is that he lacks breathing space} cxd5 17. Nb5 Qb8 18. exd5 f5 19. gxf6 Nxf6
20. h5 $16) 14... Ne6 15. d5 cxd5 16. exd5 Nd4 $1 {A very strong move which
establishes a strong knight in the center. I completely overlooked this move.}
(16... Nf4 {was what I was expecting and I thought I would be a nice pawn up
after} 17. Bxf4 exf4 18. Qxf4 Nd7 19. Nge4 {but here black has some
compensation for the pawn} Re5 20. g5 Rf8 $44) 17. Rec1 $1 {A mysterious rook
move as Nimzowitsch would call it! This is a really creative plan that I start
here. It looks really strange that the rook is strangely protecting c2 when it
is not even in danger. The idea will be revealed later.} (17. Bxd4 {was
playable but black gets compensation after} exd4 18. Qxd4 Ne4 $1 19. Qe3 $1 {
a sudden resource that white has} Nxc3 20. Qxe8+ Rxe8 21. Rxe8+ Bf8 22. bxc3
Bc8 $1 (22... Qxc3 23. Rae1) 23. Rae1 Bd7 {and here a draw can be made by} 24.
Ra8 Qb7 25. Rd8 Qc7 $11) 17... Rac8 {a logical move but now the rook has
stopped protecting a7} 18. Ra3 $5 {[%cal Gc3a2,Gc2c3,Ga2b4,Gb4c6] the idea of
this move is actually to move the knight and then play c3 to trap the knight.
The rook on c1 enables the knight on c3 to move in the future.} (18. Nb5 {
was objectively the best and I considered this but I had a different idea in
mind} Nxb5 (18... Bxb5 19. axb5 Nxb5 20. Qb4 Qc4 21. Qxc4 Rxc4 22. Bf1 Rb4 23.
g5 $16) 19. axb5 Bxb5 20. c4 Bd7 21. b4 $16 {white is down a pawn but has
really strong compensation as c5 is coming so white is better}) 18... Qc4 $2 {
My opponent was really confused about what I was doing. He now stops knight
moves but his queen is misplaced} (18... Rf8 $5 {planning some future f5 and
now I can show my idea} 19. g5 Ne8 20. Na2 $1 f6 21. Nb4 Bb7 22. Bxd4 exd4 23.
Nc6 {now white is a bit better here}) 19. g5 (19. Na2 $2 Nxd5) 19... Nh5 {
The most dynamic option but this ruins black's structure} (19... Nd7 {gives
white a really nice position after} 20. a5 b5 21. Nce4 Qc7 22. Rc3 {I had seen
up to here and figured that white has to be much better now} Qb8 {now engine
suggests} 23. Rc6 $1 {It is amazing how the rook on a1 is now on c6!} Nxc6 24.
dxc6 Nf8 (24... Rxc6 25. Nf6+) 25. Qxd6 $16) 20. Nxh5 gxh5 21. Qd1 $6 {[%csl
Gh5] A logical human move which attacks the weak h5 pawn but the ideas with
Ne4 and Rd3 were stronger} (21. a5 $1 {was the best as white has a really nice
trick which is shown by Stockfish} b5 22. Ne4 $1 {I did not think this was
anything special during the game but} Red8 $6 {fails to} (22... Ne2+ 23. Kh1
Nxc1 24. Nxd6 Qc7 25. Nxe8 Rxe8 26. Qxc1 $16) 23. Rd3 $1 {The insertion of a5
b5 favors white and now white is going to have Bxd4 then Nf6 with a winning
position!} Kh8 24. Bxd4 exd4 25. Nf6 Bxf6 26. gxf6 Rg8 27. Rxd4 $18) 21... e4
$1 {Black starts to get a lot of counterplay on his own} 22. Qxh5 Qb4 23. Bxd4
Bxd4 $2 {My opponent sets up a trap here but it doesn't work} (23... Qxb2 {
is lost because} 24. Rb1 Qxa3 25. Bxg7 Kxg7 26. Qh6+ Kh8 27. Nxe4 $18 {[%cal
Ge4f6]}) (23... Qxd4 $1 {was the best because black has an amazing resource
possible} 24. Rd1 e3 $3 {Black's e-pawn and the rook is more compensation than
his queen!!! When Stockfish first pointed out this move, I thought it was
crazy.} 25. Rxd4 Bxd4 26. fxe3 Rxe3 27. Kh2 Be5+ 28. Kg1 Bd4 {White cannot
save himself and has to take the draw!}) 24. Rb3 Bxf2+ $1 {I completely missed
this idea but luckily it doesn't work!} 25. Kh1 {Now it is hard for black to
make the proper move as he doesn't really want to retreat and lose the e-pawn}
(25. Kxf2 $4 Qd4+ 26. Kg3 (26. Ke1 Qg1+) 26... Qe3+ 27. Kh2 Qxc1 $19) 25... Qc4
$6 {a really logical move but I have a hidden resource} (25... Qd4 {was
objectively the best} 26. Rd1 Qg7 (26... Qc4 27. Bf1 {will transpose to the
game}) 27. Nxe4 Re5 28. Qf3 Bc5 29. Nf6+ Kh8 30. h4 Be2 31. Qh3 Rd8 32. Rd2 $16
{White is in control and black does not have so many threats anymore}) 26. Bf1
{without this move I am lost!} Qxf1+ 27. Rxf1 Bxf1 28. Nxe4 $1 {The move that
my opponent missed! Without this, black would have very dangerous compensation
for the queen} (28. Rb4 $6 {would probably be my move if I didn't see Nxe4}
Rxc3 $1 {A very strong positional sacrifice} 29. bxc3 Bc5 30. Rb1 Bc4 {The two
bishops and the passed pawn are worth the queen! Stockfish is showing equal
right now even though white has the queen. The more the engine thinks, the
more it prefers black's position.}) 28... Rxe4 29. Rf3 {[%csl Gf1,Gf2,Gf7]
This is a really unique chess position! It's not every day that a rook pins
bishops that are on f1 and f2, and attacks f7. Black has to lose a bishop now}
Re7 (29... Bd4 {may have been the better bishop to keep but black needs to
keep the f7 pawn} 30. Qxf7+ Kh8 31. Rxf1 Be5 32. c3 $18) 30. Rxf2 Bc4 31. Kh2
$1 {Very strong prophlyaxis!} Rc5 {It looks like black will win the d5 pawn
but now white has another hidden resource which my opponent missed} (31... Bxd5
$2 {loses to} 32. g6 hxg6 33. Qxd5 $18) 32. b3 $1 Bxd5 (32... Ba6 {is just
lost because of} 33. c4 {[%csl Ga4,Gb3,Gc4,Gd5] This structure restricts the
bishop and the queen will be too powerful}) 33. b4 $1 {The idea of misplacing
the rook. The rook cannot protect the bishop anymore} Rc4 34. g6 hxg6 35. Qxd5
{My idea has suceeded and I have a queen against a rook} Rxb4 36. Qxd6 Rbe4 37.
c4 {Correct practical move to try to advance my pawns} Kg7 38. a5 $1 R7e6 39.
Qb8 bxa5 (39... Rxc4 {does not work} 40. Qxa7 {[%csl Gb6,Gf7]}) 40. Qxa7 (40.
c5 {was definitely the most accurate as after} a4 (40... Rc4 41. Qc7) 41. c6 $1
Rxc6 42. Qb7 {f7 cannot be protected now} Rce6 43. Qxf7+ Kh6 44. Qf8+ Kh5 45.
Rg2 {and mate is on the way}) 40... Re7 41. Qb6 R7e6 42. Qb5 (42. Qxa5 Rxc4 43.
Qa7 {was the best as f7 is too weak}) 42... R6e5 43. c5 a4 44. Qb2 f5 $6 (44...
a3 {was the best try but after} 45. Qxa3 Rc4 46. Qa6 Rcxc5 47. Qf6+ Kh7 48.
Qxf7+ Kh6 49. Qf8+ Kh5 50. Rg2 g5 51. Qg8 Kh6 52. h4 {mate is on the way}) 45.
c6 {My c-pawn is hard to stop and my opponent has no chances so my opponent
resigned. A very complex and interesting battle.} 1-0